000
00301 a2200145 4500
001
180864
020
_a
040
_c
Magnum
100
_a
-
240
1
0
_a
Classicos da juventude/v.5
_l
por
245
1
0
_a
Classicos da juventude/v.5
362
0
_a
1899
697
_a
MAGNITO: IJ/CONTOS
942
_c
BK
999
_c
180864
_d
180864